书目信息 |
| 题名: |
建设工程技术与计量
|
|
| 作者: | 吴学伟 , 王英杰 主编 | |
| 分册: | 安装工程 | |
| 出版信息: | 北京 中国计划出版社 2013.05 |
|
| 页数: | 239页 | |
| 开本: | 26cm | |
| 丛书名: | ||
| 单 册: | ||
| 中图分类: | TU723.3-44 | |
| 科图分类: | ||
| 主题词: | 工程造价 , 建筑安装 , 建筑安装--工程造价--资格考试--题解 , 建筑造价 , 建筑造价--资格考试--题解 | |
| 电子资源: | ||
| ISBN: | 978-7-80242-860-7 | |
| 000 | 01133nam0 2200349 450 | |
| 001 | 0100140538 | |
| 005 | 20141020221308.0 | |
| 010 | @a978-7-80242-860-7@dCNY36.00 | |
| 100 | @a20140109d2013 em y0chiy50 ea | |
| 101 | 0 | @achi |
| 101 | 11 | @achi |
| 102 | @aCN@b110000 | |
| 105 | @ay zq 000yy | |
| 106 | @ar | |
| 200 | 1 | @a建设工程技术与计量@Ajian she gong cheng ji shu yu ji liang@9jian she gong cheng ji shu yu ji liang@i安装工程@b专著@f吴学伟,王英杰主编@Fwu xue wei wang ying jie zhu bian |
| 205 | @a3版 | |
| 210 | @a北京@c中国计划出版社@d2013.05 | |
| 215 | @a239页@d26cm | |
| 300 | @a2013年版全国造价工程师执业资格考试模拟试题与解析 | |
| 330 | @a本书收录了建设工程技术与计量安装工程模拟试题十套,并附有答案与解析。 | |
| 540 | @a建设工程技术与计量 | |
| 606 | 0 | @a工程造价 |
| 606 | 0 | @a建筑安装 |
| 606 | 0 | @a建筑安装@x工程造价@x资格考试@j题解 |
| 606 | 0 | @a建筑造价 |
| 606 | 0 | @a建筑造价@x资格考试@j题解 |
| 690 | @aTU723.3-44@v5 | |
| 701 | 0 | @a吴学伟@Awu xue wei@4主编 |
| 701 | 1 | @a王英杰@Awang ying jie@4主编 |
| 801 | @aCN | |
| 901 | @a001 | |
| 905 | @b1103392-4@dTU723.3-44@eW897:3@f3@a241430 | |
| 建设工程技术与计量.安装工程/吴学伟,王英杰主编.-3版.-北京:中国计划出版社,2013.05 |
| 239页;26cm |
| 2013年版全国造价工程师执业资格考试模拟试题与解析 |
| ISBN 978-7-80242-860-7:CNY36.00 |
| 本书收录了建设工程技术与计量安装工程模拟试题十套,并附有答案与解析。 |
| ● |
| 相关链接 |
|
|
|
正题名:建设工程技术与计量
索取号:TU723.3-44/W897:3
 
预约/预借
| 序号 | 登录号 | 条形码 | 馆藏地/架位号 | 状态 | 备注 |
| 1 | 1103392 | 211033923 | 建筑库201/201建筑库 105排7列1层/ [索取号:TU723.3-44/W897:3] | 在馆 | |
| 2 | 1103393 | 211033932 | 建筑库201/201建筑库 105排7列1层/ [索取号:TU723.3-44/W897:3] | 在馆 | |
| 3 | 1103394 | 211033941 | 建筑库201/201建筑库 105排7列1层/ [索取号:TU723.3-44/W897:3] | 在馆 |